[Event "Parnu-B"]
[Site "Parnu"]
[Date "1996.02.11"]
[Round "9"]
[White "Epishin, Vladimir"]
[Black "Rytshagov, Mikhail"]
[Result "1-0"]
[WhiteElo "2645"]
[BlackElo "2495"]
[Annotator "Gagarin,V"]
[PlyCount "77"]
[EventDate "1996.02.??"]
[EventType "tourn"]
[EventRounds "9"]
[EventCountry "EST"]
[EventCategory "10"]
[SourceTitle "CBM 052"]
[Source "ChessBase"]
[SourceDate "1996.06.01"]
[SourceVersion "1"]
[SourceVersionDate "1996.06.01"]
[SourceQuality "1"]

1. d4 Nf6 2. c4 g6 3. Nc3 d5 4. cxd5 Nxd5 5. e4 Nxc3 6. bxc3 Bg7 7. Be3 c5 8.
Qd2 cxd4 9. cxd4 Nc6 10. Rd1 O-O 11. Nf3 Bg4 12. Be2 Rc8 13. O-O Qa5 (13... Qd7
14. h3 Bxf3 (14... Bh5 $5 15. g4 Bxg4 16. hxg4 Qxg4+ 17. Kh2 Qxe4 18. Ng5 $1
Qf5 19. f4 $1 $14 {Seirawan,Y-Sokolov,I/Novi Sad (ol)/1990/1:0/62/}) 15. Bxf3
Rfd8 16. e5 e6 {Zakharevich,I-Neverov,V/Smolensk/1991/0,5/48/} 17. Bg5 $5 $14 {
Neverov/}) 14. Qxa5 Nxa5 15. Rc1 Bxf3 $146 (15... Nc6 16. d5 Bxf3 17. Bxf3 Nd4
18. Rfd1 b6 19. Bxd4 Rxc1 20. Rxc1 {Ehlvest,J-Ivanchuk,V/Horgen/1995/0,5/20/}
Bxd4 21. Rc7 $14) (15... e6 $5 16. h3 Bxf3 17. Bxf3 Nc4 18. e5 b5 $14) 16. Bxf3
(16. gxf3 $2 Nc6 17. Rfd1 (17. d5 Nd4 $15) 17... Nxd4 $1 18. Bxd4 Rxc1 19. Rxc1
Bxd4 20. Rc7 e6 21. Rxb7 Rc8 $15) 16... Nc4 (16... Nc6 17. e5 $14) 17. e5 $1
Nxe3 $6 (17... b5 $5 18. Bg5 (18. Bb7 $6 Rc7 $1 (18... Nxe3 $2 19. fxe3 Rxc1
20. Rxc1 $14) 19. Ba6 Rb8 20. a4 Nxe3 21. Rxc7 Nxf1 22. Kxf1 bxa4 23. Rxe7 $140
$2 a3 24. Bc4 Rb1+ 25. Ke2 a2 $1 26. Bxf7+ Kf8 $17) 18... Rfd8 19. Rfd1 f6 (
19... Rd7 $5) (19... Rc7 $5) 20. exf6 Bxf6 21. Be3 e6 22. Bg4 Rc6 23. a4 a6 (
23... bxa4 $4 24. Rxc4 $18) 24. axb5 axb5 25. Rb1 Rb6 26. Rdc1 Nxe3 27. fxe3 b4
$10) 18. fxe3 b6 19. Bb7 $1 $14 Rxc1 20. Rxc1 e6 (20... Bh6 21. Kf2 f6 22. e6
$1 $16) 21. Kf2 (21. Rc7 $5 Bh6 22. Kf2 f6 23. d5 $1 (23. Bc8 $2 fxe5+ 24. Ke2
Re8 25. Bd7 Re7 26. Rxa7 exd4 27. exd4 Kf7 $10) 23... fxe5+ 24. Ke2 exd5 25.
Bxd5+ Kh8 26. Rxa7 $14 {>< Kh8/}) 21... f6 22. exf6 Bxf6 23. Ke2 Re8 (23... Rf7
24. Ba6 Rd7 25. Rc6 Kf7 26. Bc4 Re7 $14) 24. Ba6 e5 $2 (24... Kf7 $14) (24...
Re7 $14) 25. d5 $16 Bd8 $2 (25... e4 $5 26. d6 Rd8 27. Bc4+ Kf8 28. Rd1 $16)
26. d6 $1 Kg7 $6 (26... Kf8 $142 27. Rc7 $1 Re6 $16) 27. Rc7+ $1 Kf6 28. Rxh7
Ke6 29. Rh6 (29. Bd3 $5 Kxd6 30. Bxg6 Re7 (30... Rg8 31. Be4 $18) 31. Rh8 $1
Bc7 32. h4 $18) 29... Kxd6 30. Rxg6+ Kc5 $6 (30... Re6 $142 31. Rg7 Rh6 32. h3
Be7 $16 {/\ Rh4-a4/}) 31. g3 $18 b5 32. h4 Rh8 33. Bb7 Kb4 34. Bd5 Bb6 (34...
a5 35. Kf3 $18 {/\ Kg4, h5/}) 35. Rg5 Bc7 36. h5 Ka3 37. g4 a5 38. Rg7 Bd6 39.
Rb7 1-0

[Event "YUG-chT"]
[Site "Tivat"]
[Date "1995.??.??"]
[Round "1"]
[White "Milanovic, Vojislav"]
[Black "Horvath, Jozsef"]
[Result "0-1"]
[WhiteElo "2375"]
[BlackElo "2510"]
[Annotator "Gagarin,V"]
[PlyCount "62"]
[EventDate "1995.??.??"]
[EventType "team-swiss"]
[EventRounds "11"]
[EventCountry "YUG"]
[SourceTitle "CBM 048 Extra"]
[Source "ChessBase"]
[SourceDate "1995.11.01"]
[SourceVersion "1"]
[SourceVersionDate "1995.11.01"]
[SourceQuality "1"]

1. d4 Nf6 2. c4 g6 3. Nc3 d5 4. cxd5 Nxd5 5. e4 Nxc3 6. bxc3 Bg7 7. Bb5+ c6 8.
Ba4 b5 9. Bb3 b4 10. Ne2 bxc3 11. Be3 Ba6 12. O-O $6 (12. Rc1 $1 Nd7 $5 13. e5
$14 (13. f4 $5)) 12... Nd7 $1 13. Re1 Qa5 14. Rc1 Rd8 $1 15. Qc2 Nc5 $3 $146 (
15... c5 $6 16. e5 cxd4 17. Bxd4 Bxe5 18. Bxc3 Bxc3 19. Nxc3 $44 Nb6 20. Qe4
Rd7 21. Na4 O-O 22. Nc5 Rdd8 23. Qxe7 $16 {Sekulic,D-Horvath,J/YUG(cht)/1994/1:
0/25/}) 16. dxc5 Rd2 $1 $15 17. Bxd2 $8 cxd2 18. Red1 dxc1=Q 19. Rxc1 $2 (19.
Nxc1 $1 O-O (19... Bc3 20. Ne2 $1 $10 (20. Nd3 $2 O-O 21. Ba4 Rc8 $1 $17)) 20.
Bc4 $1 Bxc4 21. Qxc4 $15) 19... O-O 20. Rd1 $6 (20. Bc4 $5 Bxc4 21. Qxc4 Rb8 $1
$17) 20... e6 $1 $17 21. h3 (21. Nf4 $5 Bd4 $1 22. Qd2 Qxd2 23. Rxd2 Bxc5 24.
Rc2 Bd4 25. Rxc6 Bb7 26. Rc4 Rd8 $17) 21... Rd8 22. Rxd8+ Qxd8 23. Ba4 $2 (23.
Bc4 $1 Bxc4 24. Qxc4 Qd1+ 25. Kh2 Qd2 $17) 23... Qa5 $1 24. Kf1 (24. Bxc6 $4
Qe1+ $19) (24. Ng3 Bd4 25. Nh1 (25. Kh2 Qxc5 26. Qxc5 Bxc5 27. Bxc6 Bxf2 $19)
25... Bb5 26. Bxb5 Qxb5 $19) 24... Bc3 (24... Bd4 $5 25. g3 (25. Bxc6 Qc7 $1
26. Ke1 (26. Ba4 Qh2 $19) 26... Bxe2 $19) 25... Bxc5 26. Bxc6 Qb6 $19) 25. Bxc6
Qxc5 26. Ba4 Qb4 $1 (26... Qd4 $6 27. Bb3 Bd3 28. Kg1 $1 Qxe4 (28... Bxc2 29.
Nxd4 Bxe4 30. Nb5 Be5 31. Nxa7 $15) 29. Qxc3 Qxe2 30. Qd4 a6 31. Qd8+ Kg7 32.
Qd4+ e5 33. Qd5 $1 f5 34. Qd7+ Kh6 35. Bg8 $132) 27. Bb3 $6 (27. g3 $5 Bd4 28.
Qb3 Qc5 29. Qf3 Bxe2+ 30. Qxe2 Bxf2 $1 31. Qxf2 (31. Kg2 Bd4 $17) 31... Qc4+
32. Kg1 Qxa4 $17) 27... Bd4 $1 $19 28. g3 Bb6 $1 {/\ Qd4/} 29. f3 (29. Kg2 Qe1
$19) 29... Qd4 $1 30. Ke1 Qf2+ 31. Kd2 Qxe2+ 0-1

[Event "Ashdod"]
[Site "Ashdod"]
[Date "2004.12.11"]
[Round "2"]
[White "Gelfand, Boris"]
[Black "Sutovsky, Emil"]
[Result "1-0"]
[WhiteElo "2693"]
[BlackElo "2697"]
[Annotator "Gelfand,B"]
[PlyCount "69"]
[EventDate "2004.12.10"]
[EventType "tourn"]
[EventRounds "5"]
[EventCountry "ISR"]
[EventCategory "16"]
[SourceTitle "CBM 105"]
[Source "ChessBase"]
[SourceDate "2005.04.11"]
[SourceVersion "1"]
[SourceVersionDate "2005.04.11"]
[SourceQuality "1"]

1. d4 {Krasenkow,M} Nf6 2. c4 g6 3. Nc3 d5 4. cxd5 Nxd5 5. e4 Nxc3 6. bxc3 Bg7
7. Nf3 c5 8. Rb1 O-O 9. Be2 Nc6 10. d5 Ne5 11. Nxe5 Bxe5 12. Qd2 Bg7 13. c4 {
Krasenkow,M: 'Other options, which often lead to theoretical lines with 12...
e6 or 12...b6:'} (13. O-O {Krasenkow,M and}) (13. f4 {Krasenkow,M}) 13... b6 (
13... Bd4 14. h4 e6 15. Bb2 Qf6 16. Bxd4 cxd4 17. Qg5 Qxg5 18. hxg5 $16 {
Lobron,E-Kindermann,S,1990,Germany} b6 {Krasenkow,M} 19. f4 e5 20. Kd2 Ba6 21.
Rb4 $16 {1-0 Lobron,E-Kindermann,S/Nuremberg 1990/EXT 2000 (32)}) (13... e6 14.
f4 (14. Bb2 {Krasenkow,M} Bxb2 15. Rxb2 exd5 16. exd5 $6 (16. cxd5 $5) 16... b6
17. O-O Bd7 18. Rb3 Qf6 19. Rf3 Qe5 20. Re3 Qf6 21. Rf3 Qe5 $11 {0-1 Browne,
W-Gurevich,I/San Francisco 1999/CBM 069 ext (43)})) (13... Re8 {Krasenkow,M}
14. Bb2 e6 15. Bxg7 Kxg7 16. d6 e5 17. O-O b6 18. f4 Bb7 19. d7 Re7 20. Rbd1
Bxe4 21. fxe5 Rxe5 22. Bf3 Bxf3 23. Rxf3 Re6 24. Qd5 Rb8 25. Rdf1 Kh6 26. Rxf7
Re2 27. Qd3 Re5 28. Qh3+ Rh5 29. Qe3+ {1-0 Hracek,Z-Gurevich,I/Kecskemet 1991/
EXT 97 (29).}) 14. Bb2 (14. O-O f5 15. exf5 Bxf5 16. Rb3 Bd4 $11) 14... e5 {
'?!' Krasenkow,M.} (14... Bxb2 15. Qxb2 $14) 15. O-O (15. h4 f5 (15... h5 $140
16. Qg5) 16. h5 fxe4 17. hxg6 hxg6 (17... Qf6 18. gxh7+ Kh8 19. Qe3) 18. Qe3
Qf6 $132) 15... Qd6 {Krasenkow,M: 'Not a good plan. In this typical position
the initiative belongs to White as the black queen is not a good blockader. It
is very passive on d6, which is a good square for a (non-existing) knight.'}
16. a4 $14 (16. Qc3 f6 $11) 16... f5 (16... a5 17. f4 $1) 17. a5 {Krasenkow,M:
'White doesn't pay attention to the e4 pawn.'} (17. f3 $5 f4 (17... a5 18. exf5
Bxf5 19. Bd3) 18. a5 $14) (17. Bd3 f4 18. Be2 a5 $11) (17. exf5 $5 Bxf5 (17...
gxf5 18. f4 e4 19. Bxg7 Kxg7 20. a5 $14) 18. Bd3 e4 (18... Bxd3 19. Qxd3 Rae8
20. Rfe1 e4 (20... Rf4 21. Re4) 21. Rxe4 Bxb2 22. Rxb2 Qf4 23. Rxf4 Re1+ 24.
Qf1 Rxf1+ 25. Kxf1 Rxf4 26. Rc2 Rd4 27. Ke2 Kf7 28. Ke3 $16) 19. Bxg7 Kxg7 20.
Bc2 $14) 17... fxe4 18. Bc3 (18. Ra1 $5 Bf5 19. Ra3) 18... Bd7 $6 (18... Bf5
$142 19. Rb3 $13) 19. Rb3 Rfb8 20. Rfb1 bxa5 {Krasenkow,M: 'Now Black has
several weak pawns.'} (20... Bf5 21. Ra1 bxa5 22. Rba3) 21. Bxa5 Rxb3 22. Rxb3
Rb8 23. Qb2 $1 (23. Rxb8+ Qxb8 24. d6 Qb1+ 25. Bf1 Qb7 26. Bc7 Qc6 27. Qg5 a5
28. Qd8+ Bf8 $11) 23... Rf8 $2 (23... Rxb3 $142 24. Qxb3 Bh6 25. g3 $1 (25. Qb7
e3 26. f3 e4 27. fxe4 Qf6 28. Be1 Qa1 29. Kf1 Qf6+ 30. Bf3 Bg4 31. Ke2 $16)
25... Bc8 26. Kg2 $16) 24. Bd2 $1 $18 Qf6 (24... e3 25. Bxe3 e4 26. Qa3) 25.
Be3 Bh6 26. Bxc5 e3 27. f3 a5 (27... Bf4 28. Bxe3 (28. g3 Qg5 29. Rb8 Bxg3 30.
Rxf8+ Kg7 31. Rg8+ Kf7)) 28. Rb6 Qf5 29. Bxf8 Bxf8 30. Rb8 a4 31. c5 Kg7 32. g4
Qg5 (32... a3 33. gxf5 axb2 34. Rxb2) 33. Qb7 Qh4 34. Qxd7+ Be7 35. Rb1 1-0

[Event "Novgorod 3rd"]
[Site "Novgorod"]
[Date "1996.07.20"]
[Round "1"]
[White "Gelfand, Boris"]
[Black "Polgar, Judit"]
[Result "1/2-1/2"]
[WhiteElo "2665"]
[BlackElo "2665"]
[Annotator "Gelfand,B"]
[PlyCount "56"]
[EventDate "1996.07.20"]
[EventType "tourn"]
[EventRounds "10"]
[EventCountry "RUS"]
[EventCategory "19"]
[SourceTitle "CBM 054"]
[Source "ChessBase"]
[SourceDate "1996.10.01"]
[SourceVersion "1"]
[SourceVersionDate "1996.10.01"]
[SourceQuality "1"]

1. d4 Nf6 2. Nf3 g6 3. c4 Bg7 4. Nc3 d5 5. cxd5 Nxd5 6. e4 Nxc3 7. bxc3 c5 8.
Rb1 O-O 9. Be2 cxd4 10. cxd4 Qa5+ 11. Bd2 Qxa2 12. O-O Bg4 13. Bg5 h6 14. Be3
Nc6 15. Rxb7 Rab8 (15... Bxf3 16. Bxf3 Nxd4 $2 17. Bxd4 Rad8 18. Qa1 $18) 16.
Rxb8 Rxb8 17. h3 Bd7 18. d5 $5 $146 (18. Bd3 {San Segundo-Azmayparashvili,96,
Madrid}) 18... Ne5 $1 (18... Nb4) 19. Bf4 (19. Nxe5 Bxe5 20. Bxh6 {Black has
full compensation for a pawnj} Ba4 (20... Rb2 21. Bd3 Ba4 22. Qe1) (20... a5 $5
$44) 21. Qe1 Rb2 22. Bd3 $13) 19... Qb2 $1 {Judit finds the best plan-to keep
knight on e5 till possible.Otherwise White s strong centre will tell} (19...
Ba4 20. Qc1 Qxe2 21. Nxe5) (19... Nxf3+ 20. Bxf3 Rb2 21. e5 Bb5 22. Re1 Rxf2
23. d6 exd6 24. exd6 Bd7 (24... Bc3 25. d7 Bxd7 26. Qxd7 Bxe1 27. Qe8+ Kh7 28.
Qxe1 Rb2 29. Qh4 $16) 25. Re7 $16) 20. Qc1 g5 $1 $8 (20... Nxf3+ 21. Bxf3 Rc8
22. Qxb2 Bxb2 23. Rb1 $16) (20... Rb4 21. Qc7 Qxe2 (21... Rxe4 22. Qd8+ Kh7 23.
Bxe5 Bxe5 24. Bd3) 22. Bxe5 (22. Nxe5 Qxe4) 22... Bxe5 (22... Bb5 23. Re1 (23.
Rc1 Qxe4 (23... Bxe5 24. Nxe5 Qd2 25. Nf3 $18) 24. Qxe7 $16)) 23. Nxe5 Bb5 24.
Rc1 Rxe4 25. Qd8+ Kg7 26. Rc8 $18) 21. Bxe5 (21. Bg3 Rc8 22. Qxb2 Nxf3+ 23.
Bxf3 Bxb2) (21. Nxe5 Bxe5 22. Qxb2 Rxb2 23. Bxe5 Rxe2 24. f3 f5 $10) 21... Bxe5
22. Nxe5 Qxe5 23. Qa1 (23. Qa3 Bb5 $10 (23... Rb2 24. Bd3 Bb5)) 23... Rb2 (
23... Qxa1 24. Rxa1 Rb7 25. e5 Bb5 $10) 24. Qxa7 Rxe2 (24... Bxh3 25. Qe3 Bd7
26. Re1 f5 27. Qa7 $13) 25. Qxd7 Rxe4 26. Rd1 Kg7 27. g3 h5 (27... Qd6 28. Qb5
Re5 29. Qb3 $10) 28. d6 Re1+ 1/2-1/2

[Event "Tel Aviv super 1st"]
[Site "Tel Aviv"]
[Date "1999.05.15"]
[Round "5"]
[White "Gelfand, Boris"]
[Black "Tseitlin, Mark D"]
[Result "1-0"]
[WhiteElo "2691"]
[BlackElo "2490"]
[Annotator "Gelfand,B"]
[PlyCount "61"]
[EventDate "1999.05.11"]
[EventType "tourn"]
[EventRounds "9"]
[EventCountry "ISR"]
[EventCategory "14"]
[SourceTitle "CBM 071"]
[Source "ChessBase"]
[SourceDate "1999.08.01"]
[SourceVersion "1"]
[SourceVersionDate "1999.08.01"]
[SourceQuality "1"]

1. d4 {Krasenkow} Nf6 2. Nf3 g6 3. c4 Bg7 4. Nc3 d5 5. cxd5 Nxd5 6. e4 Nxc3 7.
bxc3 c5 8. Rb1 O-O 9. Be2 cxd4 10. cxd4 Qa5+ 11. Bd2 Qxa2 12. O-O Nd7 13. Bb4
Nb6 {Krasenkow: 'This old-fashioned line (black defends quite passively,
without attempting to create immediate counterplay). White needn't hurry up
either. '} 14. h3 $5 {Krasenkow: 'preventing both ...Bg4 and ...Qe6-g4'} Bd7
15. Ra1 Qe6 16. Bd3 {Krasenkow: 'threatening 17.d5'} f6 $2 (16... Nc4 $1 17. d5
(17. Rb1 b5 18. d5 Qf6 19. Bxc4 bxc4 20. e5 Qf4 21. Bxe7 $13) 17... Qb6 18.
Bxe7 $13) (16... Rfc8 $2 17. d5 Nxd5 (17... Qf6 18. e5 Qf4 19. Bd2 $18) 18.
exd5 Qxd5 19. Ra5 $16 {Wells,P-Beaumont,C/Edinburgh ,EXT 1989}) (16... Be8 17.
Re1 Qd7 18. Ra5 Qd8 19. Qb3 Bc6 20. d5 Bd7 21. e5 {'+/-' Krasenkow.} Re8 $44 {
Wells,P-Kindermann,S/GER BL 1988}) 17. Bc5 $1 {Krasenkow: 'A new plan: to
recapture the pawn on b6 as the black g7 bishop is not so formidable after ...
f7-f6. Moreover, that move has considerably weakened Black's position.'} (17.
Qe2 Rfc8 18. Ra5 Nc4 19. Rc5 b5 {Meissner,B-Gaerts,R/BLy ,BIG 1992} (19... b5 {
Krasenkow} 20. Rc1 Rxc5 21. Bxc5 Kf8 22. d5 Qa6 23. Bxc4 bxc4 24. e5 Rc8 25.
exf6 Bxf6 26. Qe3 Qb5 27. Bxa7 Qxd5 {1/2-1/2 Meissner,B-Gaerts,R/GER-chTJ 1992
(36)})) 17... Rfc8 {'?' Krasenkow. Krasenkow: 'Looks like a loss of time.'} (
17... Qf7 18. Qb1 (18. d5 $140 {Krasenkow} f5) 18... Na4 19. Qxb7 Nxc5 20. dxc5
$16) (17... Nc8 18. Qb1 b6 19. Rc1 Nd6 20. d5 Qf7 21. Bxd6 exd6 22. Rc7 $16)
18. d5 (18. Ra5 $5) (18. Qb1 Na4) 18... Qf7 19. Bxb6 axb6 20. Rxa8 Rxa8 21. Qb3
$16 Qe8 (21... e6 {Krasenkow} 22. Bc4) (21... f5 {Krasenkow} 22. Qxb6 (22. e5
Ba4 23. Qa2 Qe8 $13 24. Ra1 Ra5) 22... fxe4 23. Qxb7 Qe8 24. Bxe4 $16) 22. Qxb6
(22. Rb1 b5 23. Bxb5 Bxb5 24. Qxb5 Qxb5 25. Rxb5 Ra4 $14) 22... Ra3 (22... Qc8
{Krasenkow} 23. Rb1) 23. Bc4 Ra4 (23... Bxh3 24. gxh3 Rxf3 25. Qe6+ (25. d6+
Kh8 (25... Kf8 26. Rd1) 26. Bb5 Qb8 (26... Rb3 27. Bxe8 Rxb6 28. d7 Rd6 29. Rc1
) 27. Kg2) 25... Kh8 26. d6) (23... Qc8 24. d6+ (24. Bb5 Bxh3) (24. Bb3 $16)
24... e6 25. Rc1 $18) 24. Bb3 $1 {Krasenkow: 'An interesting approach. Boris
Gelfand often sacrifices pawns he considers "useless". Besides, the black rook
will be awkwardly placed in the centre of the board. This time everything was
carefully calculated.'} Rxe4 (24... Ra8 25. Rc1) 25. Qxb7 $18 Kf8 (25... Re2
26. Ra1 (26. Rc1 {Krasenkow}) 26... Bc8 27. d6+) 26. Rc1 (26. Ra1 Bc8 27. Qc7
Bd7 $16) 26... Re2 (26... Qd8 27. Rc7) 27. Rc7 (27. Ba4 Bxa4 28. Rc8 $16) 27...
Rb2 28. d6 exd6 29. Rxd7 (29. Qd5 Rb1+ 30. Kh2 Bh6 31. Bc4) 29... Rxb3 30. Qc7
Rb8 31. Rxg7 1-0

[Event "Interzonal-16"]
[Site "Biel"]
[Date "1993.??.??"]
[Round "4"]
[White "Gelfand, Boris"]
[Black "Kozul, Zdenko"]
[Result "1-0"]
[WhiteElo "2670"]
[BlackElo "2595"]
[Annotator "Gelfand,B"]
[PlyCount "81"]
[EventDate "1993.07.16"]
[EventType "swiss"]
[EventRounds "13"]
[EventCountry "SUI"]
[SourceTitle "CBM 037"]
[Source "ChessBase"]
[SourceDate "1993.12.01"]
[SourceVersion "1"]
[SourceVersionDate "1993.12.01"]
[SourceQuality "1"]

1. d4 Nf6 2. c4 g6 3. Nc3 d5 4. cxd5 Nxd5 5. e4 Nxc3 6. bxc3 Bg7 7. Nf3 c5 8.
Rb1 O-O 9. Be2 cxd4 10. cxd4 Qa5+ 11. Bd2 Qxa2 12. O-O Nd7 $6 13. Bb4 Nb6 14.
Ra1 Qe6 15. Qb1 $1 Bd7 16. Ra5 $1 Nc8 (16... Bc6 $5) 17. d5 $1 $146 (17. Ne5 $6
Qb6) 17... Qb6 18. e5 Bf5 $6 (18... a6 $142 {/\ Nc8-a7-b5}) 19. Qb3 a6 20. Qa3
Bg4 (20... Re8 21. Rc5 $1 {/\ Ba5}) 21. Re1 Re8 22. Rc5 (22. h3 $6 Bxf3 23.
Bxf3 Na7 $132) 22... Qd8 $6 (22... Bxf3 $142 23. Bxf3 Na7 24. Ba5 Nb5 25. Bxb6
Nxa3) 23. h3 b6 (23... Bf5 24. Nd4 Bxe5 (24... b6 25. Nxf5 bxc5 26. Ba5) 25.
Nxf5 gxf5 26. Bb5) 24. Rcc1 Bxf3 25. Bxf3 a5 26. Bd2 (26. Qa4 $2 b5 $1 $132)
26... Ra7 (26... b5 27. d6 $1 {/\ Bc6}) 27. Qa4 Rf8 (27... Qd7 28. Qa2 $1 Rc7
$140 29. Bg4 Qd8 30. Rxc7 Qxc7 31. f4) 28. Bf4 (28. Qc6 $5 $16) 28... b5 $6 (
28... Rc7 29. d6 Rxc1 30. Rxc1 exd6 31. exd6 $16) 29. Qxb5 a4 30. Bg4 Ra5 (
30... Ra8 31. Bxc8 Rxc8 32. Rxc8 Qxc8 33. Qxa4 $16) 31. Qb4 Qb6 32. Qc4 Na7 33.
Bd2 $18 a3 (33... Rb5 34. Be3 $18) (33... Ra6 34. Rb1 $18) 34. Bxa5 Qxa5 35.
Qc5 Qa4 $138 36. Qxe7 a2 37. Bd7 Qa5 38. d6 (38. Ra1 $18) 38... Rb8 (38... Bh6
$1 $8 39. Rcd1 Bd2 40. Rf1 Bc3 (40... Bf4 41. e6 (41. Ra1 $18) 41... Bg5 42.
exf7+ Kg7 43. Qe2 Bf6 44. Ra1 $18) 41. e6 $1 a1=Q 42. Rxa1 Bxa1 43. Qxf8+ $3
Kxf8 44. e7+ $18) 39. Be8 $1 Kh8 40. Bxf7 Nc6 41. Qc7 1-0

[Event "Vidmar Memorial 14th"]
[Site "Portoroz"]
[Date "2001.07.09"]
[Round "7"]
[White "Gelfand, Boris"]
[Black "Macieja, Bartlomiej"]
[Result "1/2-1/2"]
[WhiteElo "2714"]
[BlackElo "2588"]
[Annotator "Gelfand,B"]
[PlyCount "236"]
[EventDate "2001.07.03"]
[EventType "tourn"]
[EventRounds "9"]
[EventCountry "SLO"]
[EventCategory "14"]
[SourceTitle "CBM 085"]
[Source "ChessBase"]
[SourceDate "2001.11.13"]
[SourceVersion "1"]
[SourceVersionDate "2001.11.13"]
[SourceQuality "1"]

1. d4 Nf6 2. c4 g6 3. Nc3 d5 4. cxd5 Nxd5 5. e4 Nxc3 6. bxc3 Bg7 7. Nf3 c5 8.
Rb1 O-O 9. Be2 cxd4 10. cxd4 Qa5+ 11. Bd2 Qxa2 12. O-O Bg4 13. Bg5 h6 14. Be3
Nc6 15. d5 Na5 16. Bc5 Bf6 17. e5 Bxe5 18. Rb4 Bxf3 19. Bxf3 Rae8 20. Be3 Nc4
21. Bxh6 Nd6 22. h4 $5 $146 (22. Bxf8) 22... Rc8 (22... Bg7 23. Bxg7 Kxg7 24.
Qd4+ Kh7 25. h5 $36) 23. h5 $5 (23. Bxf8 Kxf8 $44) 23... Qc2 $5 (23... Rc4 24.
Rxc4 Qxc4 25. Bxf8 Kxf8 26. hxg6 fxg6 27. Re1 $16) 24. hxg6 Qxd1 (24... fxg6
25. Bg4 (25. Qe1 Rxf3 26. Qxe5 Rf7 $13)) 25. Rxd1 f5 (25... fxg6 26. Bg4 Rf5
27. Bxf5 gxf5 $14) (25... Bg7 26. gxf7+ Rxf7 27. Be3 $14) 26. Bxf8 (26. Ra4 Rf6
27. Bg5 Rxg6 28. Bxe7 a6 29. Re1 $13) 26... Kxf8 27. Ra4 b5 $6 (27... a6 $142
28. g4 Rc3 29. Kg2 Kg7 $13) 28. Rxa7 b4 29. Rb1 Rb8 (29... b3 30. g7+ Bxg7 31.
Rxb3 $16) (29... Rc4 $142 $5) 30. Rb3 Bc3 (30... Nb5 31. g7+) 31. Rc7 $16 Ra8 (
31... Nb5 32. Rc4) 32. Rb1 Rd8 (32... Ra1 33. Rxa1 Bxa1 34. Bd1 Bf6 $16) (32...
Nb5 33. Rxe7) 33. Be2 Ne8 (33... Ne4 34. Bd3 Nd2 35. Re1 Nf3+ 36. gxf3 Bxe1 37.
g7+ Kf7 38. d6 $18) 34. Ra7 Nd6 35. Bd3 Rc8 36. Kf1 Rc5 37. g7+ Bxg7 38. Rxb4
Rxd5 39. Bc2 (39. Rb3 Bd4 $1 (39... Bf6 40. Rba3) 40. Rc7 Ra5 41. Bc2 Bf6 42.
Rb8+ Kg7 43. Bb3 Ra1+ 44. Ke2 Rb1 $132) (39. Ra8+ Kf7 40. Bc4 (40. Bc2 Rd2)
40... Nxc4 41. Rxc4 Bf6 $16) (39. Ke2 Re5+ $5) 39... Bf6 40. Bb3 Rc5 (40... Rd2
41. Ra2 Ne4 42. Rxd2 Nxd2+ 43. Ke2 Nxb3 44. Rxb3 $16) 41. g4 Kg7 42. gxf5 Rxf5
43. Ra8 Kh6 44. Rg8 Rb5 45. Rxb5 Nxb5 46. Bc2 Bg7 47. Kg2 Nd4 (47... Nd6 48.
Kg3 Be5+ 49. Kg4 Bg7 50. Bb1 Nc4 51. Kf5 Bf6 52. Ke6 Kh5 $16) 48. Bb1 Ne6 49.
Kg3 Nd4 50. Kg4 Ne6 51. Kf3 Ng5+ 52. Ke3 Bf6 53. Rg6+ $6 (53. Ba2 $1 Bg7 (53...
Nh7 54. Kf4) 54. Kf4 Nh7 55. Re8 Bf6 56. Kf5 $18) 53... Kh5 54. f4 $6 Ne6 55.
Rg2 Kh6 56. Ke4 Kh5 57. Kf3 Kh6 58. Bf5 Nc5 59. Rg6+ Kh5 60. Rg8 Nb7 61. Rg1
Kh6 62. Ke3 Nd6 63. Bc2 Kh5 64. Bd3 Kh6 65. Rg2 Kh5 66. Kd2 Kh6 67. Kc2 Kh5 68.
Kb3 Bd4 69. Kb4 Be3 70. f5 Bd4 71. Rg6 (71. Be2+ Kh6 72. Rg6+ Kh7 73. Bd3 Bf6
74. Kc5 Nf7 75. Bc2 Ne5 76. Rg1 Kh6) 71... Kh4 72. Bc2 Bf6 73. Kc5 Nf7 74. Rg1
Kh3 75. Be4 Kh2 76. Rg2+ Kh3 77. Bd5 Nh6 78. Rg6 Ng4 79. Bc4 Ne5 80. Rg8 Nf3
81. Bf1+ Kh4 82. Rg2 Nd4 83. Bd3 Kh3 84. Ra2 Kg3 85. Kd5 Kf4 86. Ra4 Ke3 87.
Bb1 Nb5 88. Rb4 Nd4 89. Rb6 Bg7 90. Rg6 Bf6 91. Rg4 Nb5 92. Bc2 Nd4 93. Bb1 Nb5
94. Kc5 Nc3 95. Bc2 Ne2 96. Kc4 Nc3 97. Rg3+ Kf4 98. Rg1 Ke3 99. Bd3 Kf4 100.
Re1 Na4 101. Re4+ Kf3 102. Bc2 Nb6+ 103. Kc5 Nd7+ 104. Kd5 Nf8 105. Bd1+ Kg3
106. Rg4+ Kf2 107. Rf4+ Ke3 108. Rf3+ Kd2 109. Ba4 Nh7 110. Bb5 Ng5 111. Rg3
Nf7 112. Rd3+ Ke1 113. Be8 Ke2 114. Ra3 Nd6 115. Bh5+ Kd2 116. Ke6 Nb5 117. Ra5
Nd4+ 118. Kf7 Ke3 1/2-1/2